Geologiske eoner, æraer og perioder - Statistics

General Stats
  • This quiz has been taken 8 times
    3 since last reset
  • The average score is 5 of 22
Answer Stats
Hint Answer % Correct
201-145 mill. år siden Jura
100%
419-359 mill. år siden Devon
50%
541-485 mill. år siden Kambrium
50%
145-66 mill. år siden Kritt
50%
485-443 mill. år siden Ordovicium
50%
299-252 mill. år siden Perm
50%
Alt før nåværende eon Prekambrium
50%
443-419 mill. år siden Silur
50%
252-201 mill. år siden Trias
50%
4.0-2.5 mrd. år siden Arkeikum
0%
541 mill. år siden til i dag Fanerozoikum
0%
4.6-4.0 milliarder år siden Hadeikum
0%
11.7 tusen år siden til i dag Holocen
0%
359-299 mill. år siden Karbon
0%
66 mill. år siden til i dag Kenozoikum (Nytid)
0%
2.58 mill. år siden til i dag Kvartær
0%
252-66 mill. år siden Mesozoikum (Mellomtid)
0%
23-2.58 mill. år siden Neogen (Tertiær)
0%
66-23 mill. år siden Paleogen (Tertiær)
0%
541-252 mill. år siden Paleozoikum (Oldtid)
0%
2.58 mill.-11.7 tusen år siden Pleistocen
0%
2500-541 millioner år siden Proterozoikum
0%
No matching quizzes found
Score Distribution
Percent of People with Each Score
Percentile by Number Answered
Your Score History
You have not taken this quiz since the last reset